000 00416cam a22001451i 4500
020 _a0861636864
082 _a808.068
_bKNO
100 1 _aBlyton, Enid.
_911689
245 1 0 _aFamous
_bFive run away together;
_cIllus. by Eileen Soper.
260 _aChicago :
_bReilly & Lee Co.;
_c[1960]
300 _a192 p. :
_billus.;
_c19 cm.
526 _a0
_b0
_c0
_d808_068000000000000_KNO
650 _aMCE
_9379
942 _2ddc
_cBK
999 _c550181
_d550181